00804nam a22001817a 4500003000900000008004100009040007100050082002100121100002200142245005100164260003700215300004200252505025300294650001600547650001400563650001600577650002900593AR-CdUCM190427b ||||| |||| 00| 0 spa d aMUNICIPALIDAD PROVINCIAL DEL CUSCOcBIBLIOTECA MUNICIPAL DEL CUSCO a985.033 / bS58  aSivirichi, Atilio aLa revolución social de los Túpac Amaru /  aLima : bEdit. Universo,c1979. a218 paginas ;bIlustraciones,c20 cm. aContenido : El Perú virreinal en el siglo XVIII -- Visión socioeconomica del Perú en los albores de la revolución social de Tupac A. -- Tupac A. y las operaciones iniciales -- La revolución del Cusco -- Prision y muerte del inca Tupac A. aTupac Amaru aSangarara aAlto Perú aLos realistas del Collao